[Event "BAN-chT2"]
[Site "Dhaka"]
[Date "2022.07.19"]
[Round "2.3"]
[White "Moniruzzaman, Monir"]
[Black "Ratan Kumar, Chakma"]
[Result "1-0"]
[WhiteElo "1789"]
[BlackElo "1782"]
[PlyCount "34"]
[EventDate "2022.07.18"]
[EventType "team-swiss"]
[EventRounds "9"]
[EventCountry "BAN"]
[SourceTitle "EXT 2023"]
[Source "ChessBase"]
[SourceDate "2022.10.05"]
[SourceVersion "1"]
[SourceVersionDate "2022.10.05"]
[SourceQuality "1"]
[WhiteTeam "Asad"]
[BlackTeam "Bangladesh Police Star"]
[WhiteTeamCountry "BAN"]
[BlackTeamCountry "BAN"]

1. Nf3 Nf6 2. d4 e6 3. c4 h6 4. h3 a6 5. Bf4 d6 6. Nc3 b6 7. e4 Bb7 8. Bd3 Nbd7 9. 0-0 g6 10. Qc2 Bg7 11. e5 dxe5 12. Nxe5 Nxe5 13. dxe5 Nd7 14. Rfd1 Qe7 15. Re1 Nc5 16. Be4 Nxe4 17. Nxe4 Rc8 1-0